<?xml version="1.0" encoding="UTF-8"?>
<record
    xmlns:xsi="http://www.w3.org/2001/XMLSchema-instance"
    xsi:schemaLocation="http://www.loc.gov/MARC21/slim http://www.loc.gov/standards/marcxml/schema/MARC21slim.xsd"
    xmlns="http://www.loc.gov/MARC21/slim">

  <leader>00513nam a22001817a 4500</leader>
  <controlfield tag="005">20250804111450.0</controlfield>
  <controlfield tag="008">250804b        |||||||| |||| 00| 0 eng d</controlfield>
  <datafield tag="020" ind1=" " ind2=" ">
    <subfield code="a">9780593079263</subfield>
  </datafield>
  <datafield tag="041" ind1=" " ind2=" ">
    <subfield code="a">Eng</subfield>
  </datafield>
  <datafield tag="082" ind1=" " ind2=" ">
    <subfield code="a">128.4 HEA</subfield>
  </datafield>
  <datafield tag="100" ind1=" " ind2=" ">
    <subfield code="a">Heath, Chip</subfield>
  </datafield>
  <datafield tag="245" ind1=" " ind2=" ">
    <subfield code="a">The power of moments : why certain experiences have extraordinary impact</subfield>
  </datafield>
  <datafield tag="260" ind1=" " ind2=" ">
    <subfield code="a">London</subfield>
    <subfield code="b">Bantam Press</subfield>
    <subfield code="c">2017</subfield>
  </datafield>
  <datafield tag="300" ind1=" " ind2=" ">
    <subfield code="a">307;. 23 cm</subfield>
  </datafield>
  <datafield tag="650" ind1=" " ind2=" ">
    <subfield code="a">Experience; Leadership; Success; Memory; Emotions</subfield>
  </datafield>
  <datafield tag="700" ind1=" " ind2=" ">
    <subfield code="a">Heath, Dan</subfield>
  </datafield>
  <datafield tag="942" ind1=" " ind2=" ">
    <subfield code="c">BK</subfield>
  </datafield>
  <datafield tag="999" ind1=" " ind2=" ">
    <subfield code="c">46453</subfield>
    <subfield code="d">46453</subfield>
  </datafield>
  <datafield tag="952" ind1=" " ind2=" ">
    <subfield code="0">0</subfield>
    <subfield code="1">0</subfield>
    <subfield code="2">ddc</subfield>
    <subfield code="4">0</subfield>
    <subfield code="7">0</subfield>
    <subfield code="a">IMTN</subfield>
    <subfield code="b">IMTN</subfield>
    <subfield code="c">Rack 2-B</subfield>
    <subfield code="d">2025-07-08</subfield>
    <subfield code="e">Amazon.in</subfield>
    <subfield code="g">709.00</subfield>
    <subfield code="i">XGI-47616</subfield>
    <subfield code="l">1</subfield>
    <subfield code="o">128.4 HEA</subfield>
    <subfield code="p">33923</subfield>
    <subfield code="r">2025-09-07 00:00:00</subfield>
    <subfield code="s">2025-08-28</subfield>
    <subfield code="w">2025-06-07</subfield>
    <subfield code="y">BK</subfield>
    <subfield code="z">Faculty Purchase by Dr. Jitendra Sharma</subfield>
  </datafield>
</record>
